[Event "Stockholm Elite Hotels GP"]
[Site "Stockholm"]
[Date "2023.11.05"]
[Round "8"]
[White "Soppela, Toni"]
[Black "Reimanis, Ritvars"]
[Result "0-1"]
[WhiteElo "2005"]
[BlackElo "2348"]
[PlyCount "72"]
[EventDate "2023.11.03"]
[EventType "swiss"]
[EventRounds "8"]
[EventCountry "SWE"]
[SourceTitle "Mega2024 Update 01"]
[Source "Chessbase"]
[SourceDate "2023.11.12"]
[SourceVersion "1"]
[SourceVersionDate "2023.11.12"]
[SourceQuality "1"]

1. d4 Nf6 2. c4 g6 3. Nc3 Bg7 4. e4 0-0 5. Nf3 d6 6. Be2 Bg4 7. Be3 Nc6 8. 0-0 e5 9. d5 Bxf3 10. Bxf3 Nd4 11. Nb5 Nxf3+ 12. Qxf3 a6 13. Nc3 Nd7 14. Qe2 f5 15. f3 f4 16. Bd2 Rf7 17. Rfc1 Bf8 18. Nd1 g5 19. Nf2 h5 20. b4 Rg7 21. h3 Nf6 22. a4 Be7 23. Ra3 Qd7 24. Rcc3 Kf7 25. c5 Rag8 26. c6 bxc6 27. dxc6 Qe6 28. Be1 g4 29. fxg4 hxg4 30. hxg4 Nxg4 31. Nxg4 Rxg4 32. g3 d5 33. exd5 Qxd5 34. Qc4 Rxg3+ 35. Bxg3 Rxg3+ 36. Rxg3 Qxc4 0-1